skbl

Dr Suryya Kumar Bhuyan Library Web-OPAC
ডঃ সূৰ্য্য
কুমাৰ ভূঞা পুথিভঁৰাল ৱেব-অ'পেক

All Research Scholars are advised to clear the annual library fees to continue using Library Resources, Remote Access, Plagiarism Test and Library Clearance.

Cotton University Book Fair 2026

Asamar Paribeshyakala Ojapali / (Record no. 4733)

MARC details
000 -LEADER
fixed length control field 00707nam a2200277Ia 4500
001 - CONTROL NUMBER
control field 4746
005 - DATE AND TIME OF LATEST TRANSACTION
control field 20240113233757.0
007 - PHYSICAL DESCRIPTION FIXED FIELD--GENERAL INFORMATION
fixed length control field ta
008 - FIXED-LENGTH DATA ELEMENTS--GENERAL INFORMATION
fixed length control field 050614s1996 g b000 u asm u
020 ## - INTERNATIONAL STANDARD BOOK NUMBER
Terms of availability PB
040 ## - CATALOGING SOURCE
Original cataloging agency Cotton College,Assam
041 ## - LANGUAGE CODE
Language code of text/sound track or separate title asm
082 ## - DEWEY DECIMAL CLASSIFICATION NUMBER
Classification number 790
Item number Sa 11 As
100 ## - MAIN ENTRY--PERSONAL NAME
Personal name Sarma, Nabin Ch. .
245 #0 - TITLE STATEMENT
Title Asamar Paribeshyakala Ojapali /
Statement of responsibility, etc. Nabin Ch. Sarma.
Medium Textual Documents
250 ## - EDITION STATEMENT
Edition statement 1st ed /
260 ## - PUBLICATION, DISTRIBUTION, ETC.
Place of publication, distribution, etc. Guwahati :
Name of publisher, distributor, etc. Bani Prakash Pvt Ltd ,
Date of publication, distribution, etc. 1996.
300 ## - PHYSICAL DESCRIPTION
Extent 362p. ;
Dimensions 22cm..
504 ## - BIBLIOGRAPHY, ETC. NOTE
Bibliography, etc. note Index
653 ## - INDEX TERM--UNCONTROLLED
Uncontrolled term Performing Arts- Assam
653 ## - INDEX TERM--UNCONTROLLED
Uncontrolled term G-Recreation
942 ## - ADDED ENTRY ELEMENTS (KOHA)
Source of classification or shelving scheme Dewey Decimal Classification
Koha item type Books
Holdings
Withdrawn status Lost status Damaged status Not for loan Collection Home library Current library Date acquired Coded location qualifier Total checkouts Full call number Barcode Date last seen Copy number Price effective from Koha item type
          Dr. Suryya Kumar Bhuyan Library Dr. Suryya Kumar Bhuyan Library 01/02/2012 00000   790 Sa 11 As 2934/As 13/01/2024 1 01/02/2012 Books
          Dr. Suryya Kumar Bhuyan Library Dr. Suryya Kumar Bhuyan Library 01/02/2012 00000   790 Sa 11 As 1940/As 13/01/2024 2 01/02/2012 Books

Designed and Maintained by Team SKBL
©1901-2026

Powered by Koha